|
|
|
|
| LEADER |
00000nam0a2200000 4500 |
| 001 |
112556 |
| 005 |
20231031121503.0 |
| 035 |
|
|
|a (RuTPU)RU\TPU\book\121702
|
| 090 |
|
|
|a 112556
|
| 100 |
|
|
|a 20070329d1959 km y0rusy50 ca
|
| 101 |
0 |
|
|a rus
|
| 102 |
|
|
|a RU
|
| 105 |
|
|
|a a z 001zy
|
| 200 |
1 |
|
|a Гидравлические прессы
|f Б. В. Розанов
|
| 210 |
|
|
|a Москва
|c Машгиз
|d 1959
|
| 215 |
|
|
|a 428 с.
|c ил.
|
| 320 |
|
|
|a Библиогр.: с. 425-426.
|
| 610 |
1 |
|
|a гидравлические прессы
|
| 610 |
1 |
|
|a устройства
|
| 610 |
1 |
|
|a конструкции
|
| 610 |
1 |
|
|a характеристика
|
| 610 |
1 |
|
|a расчет
|
| 610 |
1 |
|
|a насосы
|
| 610 |
1 |
|
|a насосные станции
|
| 610 |
1 |
|
|a гидравлические схемы
|
| 610 |
1 |
|
|a распределительные устройства
|
| 610 |
1 |
|
|a аппаратура
|
| 675 |
|
|
|a 621.7
|v 3
|
| 675 |
|
|
|a 621.226
|v 3
|
| 700 |
|
1 |
|a Розанов
|b Б. В.
|g Борис Васильевич
|
| 801 |
|
1 |
|a RU
|b 63413507
|c 20070329
|g PSBO
|
| 801 |
|
2 |
|a RU
|b 63413507
|c 20140718
|g PSBO
|
| 942 |
|
|
|c BK
|